| Tag |
First Indicator |
Second Indicator |
Subfields |
| LEADER |
00000cam a2200000 4500 |
| 001 |
in00000025598 |
| 005 |
20170508122518.0 |
| 008 |
720727s1950 mau 00011 eng |
| 010 |
|
|
|a 50010054
|
| 035 |
|
|
|a (OCoLC)00367490
|
| 040 |
|
|
|a DLC
|c WSU
|d SER
|d OCL
|d m/c
|d TXA
|d UtOrBLW
|
| 050 |
|
4 |
|a PR6045.A97
|b H4 1950
|
| 090 |
|
|
|a PR6045.A97
|b H45 1950
|
| 100 |
1 |
|
|a Waugh, Evelyn,
|d 1903-1966.
|
| 245 |
1 |
0 |
|a Helena :
|b a novel /
|c by Evelyn Waugh.
|
| 250 |
|
|
|a 1st ed.
|
| 264 |
|
1 |
|a Boston :
|b Little, Brown,
|c 1950.
|
| 300 |
|
|
|a xiii, 247 pages ;
|c 20 cm.
|
| 336 |
|
|
|a text
|b txt
|2 rdacontent
|
| 337 |
|
|
|a unmediated
|b n
|2 rdamedia
|
| 338 |
|
|
|a volume
|b nc
|2 rdacarrier
|
| 541 |
0 |
|
|a Cushing Library Rare copy is a gift of Eugene Edge III.
|
| 600 |
0 |
0 |
|a Helena,
|c Saint,
|d approximately 255-approximately 330
|x Fiction.
|
| 999 |
|
|
|a MARS
|
| 999 |
f |
f |
|s 14a7a69d-7bfc-3597-996c-7e6585940e0b
|i f14ce517-bc24-3eea-937b-75df3e4bd96c
|t 0
|
| 952 |
f |
f |
|p noncirc
|a Texas A&M University
|b College Station
|c Cushing Memorial Library & Archives
|d Cushing: Rare Books (Does not check out)
|t 0
|e PR6045.A97 H4 1950
|h Library of Congress classification
|i unmediated -- volume
|
| 952 |
f |
f |
|p normal
|a Texas A&M University
|b College Station
|c Sterling C. Evans Library
|d Evans: Library Stacks
|t 0
|e PR6045.A97 H45 1950
|h Library of Congress classification
|i unmediated -- volume
|m A14811187511
|
| 998 |
f |
f |
|a PR6045.A97 H4 1950
|t 0
|l Cushing: Rare Books (Does not check out)
|
| 998 |
f |
f |
|a PR6045.A97 H45 1950
|t 0
|l Evans: Library Stacks
|